| 000 | 02794nam0a22003611 4500 | ||
|---|---|---|---|
| 001 | v19\rc\2103562 | ||
| 005 | 20260406074328.0 | ||
| 035 | _a(NLR Aleph) 005281162 | ||
| 090 |
_a6099725 _c6099725 |
||
| 100 | _a20090914d1818 |||y0rusy50 ca | ||
| 101 | 1 |
_arus _cfre |
|
| 102 | _aRU | ||
| 105 | _ay z |||a| | ||
| 200 | 1 |
_aНаука о стихотворстве. _fСочинение г. Боало, _gс примечаниями Казанскаго Императорскаго университета г. профессора Городчанинова на перевод оной стихами графа Дмитрия Ивановича Хвостова |
|
| 205 | _aИздание третие | ||
| 210 |
_aСанктпетербург _cВ типографии Императорскаго Воспитательнаго дома _d1818 |
||
| 215 |
_a170, [4] с. _d8° (20 см) |
||
| 300 | _aПер. Д.И. Хвостов | ||
| 300 | _aПосвящение с подписью: Григорий Городчанинов | ||
| 321 | 1 | _aСК 1801-1825 823 | |
| 327 | 0 | _aНа с. 67-170: Критическия примечания на перевод Науки стихотворной г. Боало, сделанный графом Дмитрием ивановичем Хвостовым / [Г. Городчанинов] | |
| 464 | 0 |
_12001#$aКритическия примечания на перевод Науки стихотворной г. Боало, сделанный графом Дмитрием ивановичем Хвостовым$f[Г. Городчанинов] _15181#$aКритические примечания на перевод Науки стихотворной г. Боало, сделанный графом Дмитрием ивановичем Хвостовым _1700#1$3RU\NLR\AUTH\77127168$7ca$aГородчанинов$bГ. Н.$f1772-1852$gГригорий Николаевич _tКритическия примечания на перевод Науки стихотворной г. Боало, сделанный графом Дмитрием ивановичем Хвостовым _aГородчанинов, Григорий Николаевич (1772-1852) |
|
| 700 | 1 |
_8rus _7ca _aБуало _bН. _f1636-1711 _gНикола _3RU\NLR\AUTH\7791167 _974094 |
|
| 702 | 1 |
_4212 _8rus _7ca _aГородчанинов _bГ. Н. _f1772-1852 _gГригорий Николаевич _3RU\NLR\AUTH\77127168 _9110092 |
|
| 702 | 1 |
_4730 _8rus _7ca _aХвостов _bД. И. _f1757-1835 _gДмитрий Иванович _3RU\NLR\AUTH\7734144 _917150 |
|
| 801 | 0 |
_aRU _bNLR _gpsbo |
|
| 801 | 1 |
_aRU _bProSoft-M _2rusmarc |
|
| 801 | 2 |
_aRU _bNLR _c20120316 _2rusmarc |
|
| 852 |
_aNLR _j18.170.4.59 |
||
| 852 |
_aNLR _j138/236 |
||
| 942 | _cBOOK | ||
| 980 | _aNB | ||
| 980 | 9 | _akprsl | |